Vybrané účtovné operácie v komerčnej banke

Salvato in:
Dettagli Bibliografici
Autore principale: Schwarzová, Mária
Ente Autore: Ekonomická univerzita v Bratislave. Národohospodárska fakulta
Altri autori: Horvátová, Eva, 1958-, Durajová, Viera, Chovancová, Božena
Natura: Libro
Lingua:slovacco
Pubblicazione: Bratislava Vydavateľstvo EKONÓM 2009
Soggetti:
Tags: Aggiungi Tag
Nessun Tag, puoi essere il primo ad aggiungerne!!

MARC

LEADER 00000nam$a2200000$$$4500
001 0090825
005 20240502072020.8
020 |a 978-80-225-2675-3 
041 0 |a slo 
044 |a SK 
245 1 0 |a Vybrané účtovné operácie v komerčnej banke  |c Mária Schwarzová, Eva Horvátová 
264 1 |a Bratislava  |b Vydavateľstvo EKONÓM  |c 2009 
300 |a 130 s. 
610 2 0 |a operácie účtovné 
610 2 0 |a banky obchodné 
610 2 0 |a úver bankový 
610 2 0 |a účty bankové 
610 2 0 |a papiere cenné 
610 2 0 |a deriváty 
610 2 0 |a aktíva 
610 2 0 |a výnosy 
610 2 0 |a náklady 
100 1 |a Schwarzová, Mária 
700 1 |a Horvátová, Eva, 1958- 
700 1 |a Durajová, Viera 
700 1 |a Chovancová, Božena 
710 2 |a Ekonomická univerzita v Bratislave. Národohospodárska fakulta